Nederlandse treinstations - Zuid-Holland - Statistieken

Algemene statistieken
  • Deze quiz is 129 keer genomen
  • De gemiddelde score is 29 van 50
Antwoordstatistieken
Bedrijf Antwoord % Correct
NS/Thalys Rotterdam Centraal
96%
NS Den Haag Centraal
92%
NS/R-Net Gouda
90%
NS Leiden Centraal
90%
NS Delft
89%
NS/Qbuzz Dordrecht
88%
NS Rotterdam Blaak
84%
NS Zoetermeer
84%
NS Den Haag HS
82%
NS/R-Net Alphen aan den Rijn
79%
NS Rotterdam Noord
77%
NS Rotterdam Zuid
77%
NS Den Haag Laan van NOI
68%
NS Rotterdam Alexander
67%
NS Schiedam Centrum
67%
NS Den Haag Mariahoeve
64%
NS Den Haag Moerwijk
63%
NS Rijswijk
63%
NS Barendrecht
62%
NS Gouda Goverwelle
62%
NS Bodegraven
59%
NS Zwijndrecht
59%
NS Delft Campus
58%
Qbuzz Gorinchem
58%
NS Rotterdam Lombardijen
55%
Qbuzz Sliedrecht
55%
NS Voorschoten
55%
R-Net Waddinxveen
55%
NS Leiden Lammenschans
53%
NS Zoetermeer Oost
53%
NS Voorburg
52%
R-Net Boskoop
49%
NS Den Haag Ypenburg
45%
Qbuzz Hardinxveld-Giessendam
44%
Qbuzz Dordrecht Stadspolders
42%
NS Dordrecht Zuid
42%
NS De Vink
41%
NS Voorhout
40%
R-Net Waddinxveen Triangel
40%
NS Hillegom
38%
NS Capelle Schollevaar
37%
NS Sassenheim
37%
Qbuzz Sliedrecht Baanhoek
37%
R-Net Waddinxveen Noord
37%
NS Nieuwerkerk aan den IJssel
36%
Qbuzz Arkel
34%
NS Lansingerland-Zoetermeer
34%
Qbuzz Hardinxveld Blauwe Zoom
33%
Qbuzz Boven Hardinxveld
30%
R-Net Boskoop Snijdelwijk
27%
Geen overeenkomende quizzen gevonden
Scoreverdeling
Procent van Mensen met Elke Score
Percentiel versus Aantal Correcte Antwoorden
Uw Scoregeschiedenis
U heeft deze quiz nog niet genomen